BIBLIOTECA PODER JUDICIAL
Portal Judicial TDF

Problemas argentinos de soberania territorial / (Registro nro. 520)

000 -LEADER
fixed length control field 01278nam a22002417a 4500
003 - CONTROL NUMBER IDENTIFIER
control field OSt
005 - DATE AND TIME OF LATEST TRANSACTION
control field 20220610104840.0
008 - FIXED-LENGTH DATA ELEMENTS--GENERAL INFORMATION
fixed length control field 180305b xxu||||| |||| 00| 0 spa d
020 ## - INTERNATIONAL STANDARD BOOK NUMBER
International Standard Book Number 9502002784
040 ## - CATALOGING SOURCE
Transcribing agency PJ
100 ## - ASIENTO PRINCIPAL - NOMBRE DE PERSONA
9 (RLIN) 666
Personal name Sabaté Lichtschein, Domingo
245 10 - MENCIÓN DE TÍTULO
Título propiamente dicho Problemas argentinos de soberania territorial /
Mención de responsabilidad, etc Domingo Sabaté Lichtschein.
250 ## - EDITION STATEMENT
Edition statement 3a. ed. amp. y act.
260 ## - PUBLICATION, DISTRIBUTION, ETC. (IMPRINT)
Place of publication, distribution, etc Buenos Aires :
Name of publisher, distributor, etc Abeledo-Perrot,
Date of publication, distribution, etc 1985.
300 ## - DESCRIPCION FISICA
Extent 477 p.
Dimensions 23 cm.
500 ## - NOTA GENERAL
General note Citas y notas a pie de página.
505 ## - FORMATTED CONTENTS NOTE
Formatted contents note Capitulo I <br/>1. El problema de la Antártida.<br/>Capitulo II<br/>1. El problema del rio Uruguay.<br/>Capitulo III<br/>1. El problema del Rio de la Plata.<br/>Capitulo IV<br/>1. El problema del Rio Encuentro.<br/>Capitulo V <br/>1. El problema del Canal de Beagle y las Islas Fueguinas.<br/>Capitulo VI <br/>1. El problema de las Islas del Atlántico Sur.<br/>Capitulo VII<br/>1. El problema de la extensión del Mar Territorial. <br/>Capitulo VIII<br/>1. Apéndice.<br/>Capitulo IX<br/>1. Mapas<br/><br/>
Statement of responsibility DOMINGO SABATE LICHTSCHEIN
Title PROBLEMAS ARGENTINOS DE SOBERANÍA TERRITORIAL
650 #0 - ASIENTO SECUNDARIO DE MATERIA - TERMINO TEMATICO
9 (RLIN) 331
Topical term or geographic name as entry element DERECHO INTERNACIONAL PUBLICO
650 #0 - ASIENTO SECUNDARIO DE MATERIA - TERMINO TEMATICO
9 (RLIN) 663
Topical term or geographic name as entry element SOLUCION DE CONTROVERSIAS
650 #0 - ASIENTO SECUNDARIO DE MATERIA - TERMINO TEMATICO
9 (RLIN) 664
Topical term or geographic name as entry element ARBITRAJE INTERNACIONAL
651 #0 - SUBJECT ADDED ENTRY--GEOGRAPHIC NAME
9 (RLIN) 232
Geographic name ARGENTINA
942 ## - ADDED ENTRY ELEMENTS (KOHA)
Source of classification or shelving scheme
Koha item type Libros
Classification part 341.6
Item part SAB
Existencias
Withdrawn status Lost status Source of classification or shelving scheme Damaged status Not for loan Permanent Location Current Location Date acquired Full call number Barcode Date last seen Price effective from Koha item type
          Biblioteca Poder Judicial Sur Biblioteca Poder Judicial Sur 2018-05-18 341.6 SAB 1899 2018-05-18 2018-05-18 Libros

12 de Octubre 789 Ushuaia - Tel:  54(02901)441571
Horario de Atención: 8.00 a 17.00 hs. 
bibliotecaush@justierradelfuego.gov.ar
koha@justierradelfuego.gov.ar
Seguinos en nuestras redes @bibliojustdf 

Con tecnología Koha